| 000 | 01022cab a2200385 4500 | ||
|---|---|---|---|
| 001 | ABS50397 | ||
| 008 | 090401t1994 xxu||||| |||| 00| 0 eng d | ||
| 035 | _a(Sirsi) u75545 | ||
| 041 | _aeng | ||
| 245 | _aEuropean costings | ||
| 260 | _c1994 | ||
| 350 | _a0 | ||
| 490 |
_aBuilding _v259(7836) 25 March 1994, 44-45(5) |
||
| 520 | _aProvides information on labour rates, building costs and prices of building materials. Includes cost/sq m for different types of buildings. | ||
| 650 | _aBUILT ENVIRONMENT-BUILDING COSTS | ||
| 650 | _aCZECH REPUBLIC | ||
| 650 | _aEUROPE | ||
| 650 | _aFRANCE | ||
| 650 | _aGERMANY | ||
| 650 | _aHUNGARY | ||
| 650 | _aIRELAND | ||
| 650 | _aITALY | ||
| 650 | _aLABOUR RATES | ||
| 650 | _aLUXEMBURG | ||
| 650 | _aNETHERLANDS | ||
| 650 | _aPOLAND | ||
| 650 | _aPORTUGAL | ||
| 650 | _aSPAIN | ||
| 650 | _aSWEDEN | ||
| 650 | _aUNITED KINGDOM | ||
| 690 | _aBUILT ENVIRONMENT-BUILDING COSTS | ||
| 690 | _aOVERSEAS-EUROPE | ||
| 942 | _n0 | ||
| 948 | _c04/03/1997 | ||
| 999 |
_c47532 _d47532 |
||